[Event "XI Open A Primavera"]
[Site "Robecchetto con Induno ITA"]
[Date "2014.05.08"]
[Round "4"]
[White "Serrao, Piergiorgio"]
[Black "Griffini, Andrea"]
[WhiteElo "1605"]
[BlackElo "1797"]
[Result "0-1"]
[PlyCount "120"]
[EventDate "2014.04.10"]

1. d4 Nf6 2. c4 g6 3. Nc3 Bg7 4. e4 d6 5. Nf3 O-O 6. Be2 c6 7. O-O Na6 8. Re1
c5 9. d5 Nc7 10. Rb1 a6 11. a3 Nfe8 12. Qc2 e6 13. Bg5 f6 14. Be3 e5 15. Qd2
Bd7 16. b4 b6 17. bxc5 bxc5 18. Rb6 Nb5 19. Rb7 Nxc3 20. Qxc3 Bc8 21. Rb3 f5
22. Bg5 Qd7 23. Be3 Nf6 24. Ng5 Qe7 25. exf5 Bxf5 26. Qd2 Rab8 27. Qb2 Nd7 28.
Qa2 h6 29. Ne6 Bxe6 30. dxe6 Qxe6 31. Reb1 Rxb3 32. Rxb3 e4 33. Rb7 Bd4 34. Qd2
Bxe3 35. Qxe3 g5 36. h3 Ne5 37. Qc3 Qf6 38. Qg3 Nd3 39. Bxd3 exd3 40. Qxd3
Qxf2+ 41. Kh2 Qf4+ 42. Qg3 Qxc4 43. Qxd6 Qf4+ 44. Qxf4 Rxf4 45. g3 Rf2+ 46. Kg1
Rf3 47. a4 Rxg3+ 48. Kh2 Ra3 49. Rc7 Rxa4 50. Rxc5 Kg7 51. Rc6 Ra2+ 52. Kh1 a5
53. Ra6 h5 54. Kg1 a4 55. Kh1 Ra3 56. Kh2 h4 57. Kg2 Rg3+ 58. Kh2 a3 59. Rb6
Kf7 60. Ra6 Ke7 0-1

[Event "XI Open A Primavera"]
[Site "Robecchetto con Induno ITA"]
[Date "2014.05.08"]
[Round "4"]
[White "Testa, Loris"]
[Black "Macchiettini, Pierangelo"]
[WhiteElo "1930"]
[BlackElo "1685"]
[Result "1-0"]
[PlyCount "83"]
[EventDate "2014.04.10"]

1. e4 c5 2. c3 d6 3. d4 cxd4 4. cxd4 e6 5. Nc3 Nf6 6. Bd3 Nbd7 7. Nf3 Be7 8.
O-O a6 9. a4 Qc7 10. h3 b6 11. Be3 Bb7 12. Rc1 Qd8 13. Qe2 O-O 14. Rfd1 Qb8 15.
Bb1 e5 16. d5 Nc5 17. b4 Ncd7 18. Nh4 g6 19. f4 Nh5 20. Qg4 Ndf6 21. Qf3 Bc8
22. f5 Nd7 23. Qf2 Ndf6 24. g4 Ng7 25. g5 Ngh5 26. gxf6 Bxf6 27. Ne2 g5 28. Ng2
Bd8 29. Kh2 f6 30. Qf3 Ng7 31. Rg1 Kf7 32. Ng3 Rg8 33. Nh5 Bd7 34. Nxg7 Rxg7
35. Qh5+ Kf8 36. h4 Be8 37. Qh6 Raa7 38. hxg5 Kf7 39. Nh4 fxg5 40. Qe6+ Kf8 41.
f6 Rgf7 42. Bxg5 1-0

[Event "XI Open A Primavera"]
[Site "Robecchetto con Induno ITA"]
[Date "2014.05.08"]
[Round "4"]
[White "Trenti, Alessandro"]
[Black "Melino, Gianluca"]
[WhiteElo "1780"]
[BlackElo "1767"]
[Result "1/2-1/2"]
[PlyCount "113"]
[EventDate "2014.04.10"]

1. e4 g6 2. d4 Bg7 3. Nc3 d6 4. Be2 a6 5. Be3 b5 6. a3 Nd7 7. Qd2 Bb7 8. Nf3 c5
9. d5 Ngf6 10. Bd3 Ng4 11. Bf4 h5 12. h3 Nge5 13. Nxe5 Nxe5 14. Be2 Qb6 15. O-O
Rb8 16. Rab1 Qc7 17. Na2 Nd7 18. Be3 Nf6 19. f3 Rc8 20. c4 bxc4 21. Bxc4 Nd7
22. Qe2 Ra8 23. f4 O-O 24. Rfc1 Nf6 25. Qf3 Rfc8 26. Nc3 Nd7 27. Be2 Qd8 28.
Qg3 Kh7 29. Rf1 Qh8 30. f5 Rf8 31. Qg5 Bf6 32. fxg6+ fxg6 33. Qh6+ Kg8 34.
Qxg6+ Qg7 35. Qxg7+ Kxg7 36. Bxh5 Ne5 37. Be2 Rab8 38. Nd1 Bc8 39. Nf2 Rg8 40.
Kh2 Rb3 41. Bf4 c4 42. Rfc1 Nd3 43. Nxd3 cxd3 44. Bf1 Rh8 45. Rd1 Rxb2 46. Rxb2
Bxb2 47. Rxd3 Bd7 48. Rb3 Bf6 49. Bxa6 Rh4 50. Rf3 Ba4 51. g3 Rh8 52. g4 Bd7
53. Rg3 Rb8 54. Bf1 Bh4 55. Rg2 Rb3 56. Bc1 Kf7 57. Bb2 1/2-1/2

[Event "XI Open A Primavera"]
[Site "Robecchetto con Induno ITA"]
[Date "2014.05.08"]
[Round "4"]
[White "Vada, Riccardo"]
[Black "Bianchi, Alberto"]
[WhiteElo "1653"]
[BlackElo "1935"]
[Result "0-1"]
[PlyCount "72"]
[EventDate "2014.04.10"]

1. e4 e5 2. Nf3 Nc6 3. Nc3 Nf6 4. Bc4 Be7 5. O-O d6 6. h3 O-O 7. d4 exd4 8.
Nxd4 Ne5 9. Bb3 c5 10. f4 cxd4 11. fxe5 dxe5 12. Nd5 Nxd5 13. Bxd5 Qb6 14. Qh5
Qg6 15. Qxe5 Bxh3 16. Qh2 Be6 17. Bxb7 Rab8 18. Ba6 Qxe4 19. Bf4 Qa8 20. Bd3 g6
21. Be5 Bg5 22. Bxd4 Qd5 23. Bc3 Be3+ 24. Kh1 Bd4 25. Rad1 Bxc3 26. bxc3 Qxa2
27. Ra1 Qb2 28. Rxa7 Qxc3 29. Rc7 Qg7 30. Qf4 Rbd8 31. Be4 Rd4 32. c3 Ra4 33.
Rd1 Rfa8 34. c4 Ra1 35. Rxa1 Qxa1+ 36. Kh2 Qd4 0-1

[Event "XI Open A Primavera"]
[Site "Robecchetto con Induno ITA"]
[Date "2014.05.08"]
[Round "4"]
[White "Virgilio, Gianluca"]
[Black "Rossi, Emanuele"]
[WhiteElo "1787"]
[BlackElo "1630"]
[Result "1-0"]
[PlyCount "69"]
[EventDate "2014.04.10"]

1. d4 c5 2. e3 d5 3. c3 Nf6 4. Bd3 c4 5. Bc2 Qd6 6. Nd2 e5 7. dxe5 Qxe5 8. Ngf3
Qc7 9. e4 Bc5 10. O-O O-O 11. exd5 Bg4 12. Nxc4 Bxf2+ 13. Rxf2 Qxc4 14. Bb3 Qc5
15. Qd4 Nbd7 16. Be3 Qxd4 17. Bxd4 Ne4 18. Re2 Bxf3 19. gxf3 Ng5 20. Kg2 h6 21.
Rae1 Nh7 22. Re7 Nhf6 23. c4 Rfe8 24. Ba4 Rxe7 25. Rxe7 Nb6 26. Bb3 Nh5 27. Be3
Rb8 28. c5 Nc8 29. Re8+ Kh7 30. d6 Nf6 31. Rd8 Ra8 32. d7 Nxd7 33. Rxd7 a6 34.
Bd5 Ra7 35. Bxb7 1-0

[Event "XI Open A Primavera"]
[Site "Robecchetto con Induno ITA"]
[Date "2014.05.15"]
[Round "5"]
[White "Barrera, Pietro"]
[Black "Trenti, Alessandro"]
[WhiteElo "1925"]
[BlackElo "1780"]
[Result "0-1"]
[PlyCount "72"]
[EventDate "2014.04.10"]

1. e4 c5 2. Nc3 Nc6 3. f4 e6 4. Bb5 Nge7 5. Nf3 a6 6. Bxc6 Nxc6 7. O-O Be7 8.
d3 b5 9. Ne2 Bb7 10. c3 Qc7 11. Be3 d6 12. Qe1 f6 13. Qf2 O-O 14. Qg3 Rf7 15.
f5 exf5 16. exf5 Ne5 17. Ne1 Qc6 18. Nf4 Bc8 19. Nh5 Bf8 20. Rd1 d5 21. d4 Nc4
22. Bc1 Nd6 23. Qg4 Bxf5 24. Rxf5 Nxf5 25. Qxf5 cxd4 26. cxd4 g6 27. Qg4 f5 28.
Qg3 Re8 29. Nf4 Re4 30. Nf3 Bd6 31. Qg5 Rfe7 32. Nh5 Rf7 33. Nf6+ Rxf6 34. Ne5
Bxe5 35. dxe5 Rxe5 36. Be3 Qe6 0-1

[Event "XI Open A Primavera"]
[Site "Robecchetto con Induno ITA"]
[Date "2014.05.15"]
[Round "5"]
[White "Bianchi, Alberto"]
[Black "Cecchini, Massimo S."]
[WhiteElo "1935"]
[BlackElo "1749"]
[Result "1-0"]
[PlyCount "65"]
[EventDate "2014.04.10"]

1. e4 c6 2. d4 d5 3. Nc3 dxe4 4. Nxe4 Bf5 5. Ng3 Bg6 6. Nf3 Nd7 7. Bd3 Bxd3 8.
Qxd3 Ngf6 9. O-O e6 10. Bf4 Be7 11. Rad1 Nd5 12. Bd2 N7f6 13. c4 Nb4 14. Qb3 a5
15. a3 a4 16. Qc3 Na6 17. b4 Nc7 18. Bf4 Bd6 19. Bg5 O-O 20. Bxf6 Qxf6 21. Ne4
Qd8 22. Qc2 Be7 23. Nc3 b5 24. Ne5 Ra6 25. Qe4 Qa8 26. c5 Rd8 27. f4 g6 28. Rd3
Bf8 29. f5 exf5 30. Rxf5 gxf5 31. Qxf5 Nd5 32. Qxf7+ Kh8 33. Ng6+ 1-0

[Event "XI Open A Primavera"]
[Site "Robecchetto con Induno ITA"]
[Date "2014.05.15"]
[Round "5"]
[White "Buonasorte, Roberto"]
[Black "Virgilio, Gianluca"]
[WhiteElo "1609"]
[BlackElo "1787"]
[Result "0-1"]
[PlyCount "70"]
[EventDate "2014.04.10"]

1. d4 Nf6 2. c4 g6 3. Nc3 d5 4. cxd5 Nxd5 5. e4 Nxc3 6. bxc3 Bg7 7. Bb5+ c6 8.
Ba4 O-O 9. Ba3 Qa5 10. Bb4 Qg5 11. Qf3 Bh6 12. c4 Nd7 13. h4 Qf4 14. h5 Qxf3
15. Nxf3 gxh5 16. Rxh5 Bg7 17. O-O-O Nf6 18. Rh4 Ng4 19. Rd2 Bh6 20. Rxh6 Nxh6
21. Bxe7 Re8 22. Bg5 Kg7 23. e5 Bf5 24. Nh4 Bd7 25. Bf6+ Kg8 26. d5 Ng4 27. e6
Nxf6 28. exd7 Nxd7 29. dxc6 Nc5 30. cxb7 Re1+ 31. Kc2 Rb8 32. Bc6 Re7 33. Nf5
Rc7 34. Nd6 Rxc6 35. Nf5 Rc7 0-1

[Event "XI Open A Primavera"]
[Site "Robecchetto con Induno ITA"]
[Date "2014.05.15"]
[Round "5"]
[White "Cervini, Gian Piero"]
[Black "Libutti, Michele"]
[WhiteElo "1806"]
[BlackElo "1745"]
[Result "0-1"]
[PlyCount "72"]
[EventDate "2014.04.10"]

1. e4 c6 2. d4 d5 3. f3 e6 4. Nc3 Nd7 5. Bd3 Bb4 6. Bd2 Ne7 7. Nce2 Bxd2+ 8.
Qxd2 c5 9. c3 Ng6 10. Nh3 b6 11. Nhf4 Bb7 12. Nxg6 hxg6 13. e5 Qh4+ 14. g3 Qh5
15. f4 a5 16. O-O-O Ba6 17. Bxa6 Rxa6 18. c4 O-O 19. cxd5 exd5 20. Nc3 cxd4 21.
Qxd4 Rc8 22. Qxd5 Nc5 23. Kb1 Qf5+ 24. Ka1 a4 25. Nb5 Raa8 26. Nd4 Nb3+ 27.
Nxb3 axb3 28. Qxb3 Rc2 29. Qxb6 Rac8 30. Rd8+ Kh7 31. Rxc8 Rxc8 32. a4 Qc2 33.
Qb5 Rc5 34. Qd7 Rc4 35. b3 Qxb3 36. Qh3+ Kg8 0-1

[Event "XI Open A Primavera"]
[Site "Robecchetto con Induno ITA"]
[Date "2014.05.15"]
[Round "5"]
[White "De Paoli, Nicola"]
[Black "Ruggeri, Igor"]
[WhiteElo "1386"]
[BlackElo "1622"]
[Result "0-1"]
[PlyCount "104"]
[EventDate "2014.04.10"]

1. d4 Nf6 2. c4 g6 3. Nc3 Bg7 4. e4 d6 5. Nf3 O-O 6. Be2 c5 7. dxc5 dxc5 8.
Qxd8 Rxd8 9. O-O Nc6 10. Be3 b6 11. Rad1 Bb7 12. b3 Ng4 13. Bd2 Nce5 14. Nxe5
Nxe5 15. f4 Nd3 16. Be3 Nxf4 17. Bxf4 Bxc3 18. Bc7 Rxd1 19. Rxd1 Bxe4 20. Bf3
Bxf3 21. gxf3 Bd4+ 22. Kg2 Rc8 23. Bg3 Rc6 24. Bf2 e5 25. Kg3 Rd6 26. Bxd4 exd4
27. f4 f5 28. Kf2 Kf7 29. Re1 Re6 30. Rxe6 Kxe6 31. Kf3 h6 32. h4 Kf6 33. a3 g5
34. h5 d3 35. Ke3 d2 36. Kxd2 gxf4 37. Ke2 Kg5 38. Kf3 Kxh5 39. Kxf4 Kg6 40. a4
h5 41. a5 bxa5 42. Ke5 Kg5 43. Kd5 h4 44. Kxc5 h3 45. Kb5 h2 46. c5 h1=Q 47.
Kxa5 Qb7 48. b4 a6 49. Ka4 Qb5+ 50. Ka3 a5 51. c6 Qxb4+ 52. Ka2 Qc4+ 0-1

[Event "XI Open A Primavera"]
[Site "Robecchetto con Induno ITA"]
[Date "2014.05.15"]
[Round "5"]
[White "De Regibus, Giuseppe"]
[Black "Ragoso, Mario"]
[WhiteElo "1620"]
[BlackElo "1644"]
[Result "1-0"]
[PlyCount "57"]
[EventDate "2014.04.10"]

1. d4 Nf6 2. c4 g6 3. Nf3 Bg7 4. Bf4 O-O 5. Nc3 d6 6. e3 Nh5 7. Bg5 f6 8. Bh4
c6 9. Be2 f5 10. Qd2 Nf6 11. Ng5 Qc7 12. f4 e5 13. fxe5 dxe5 14. Bg3 Ng4 15.
Bxg4 fxg4 16. O-O-O Qe7 17. Nge4 Rd8 18. d5 cxd5 19. cxd5 Qb4 20. Bh4 Rf8 21.
d6 Bf5 22. Be7 Nd7 23. Bxf8 Nxf8 24. Ng5 Rc8 25. Qd5+ Ne6 26. e4 Rc5 27. Qb3
Qxb3 28. axb3 Nxg5 29. exf5 1-0

[Event "XI Open A Primavera"]
[Site "Robecchetto con Induno ITA"]
[Date "2014.05.15"]
[Round "5"]
[White "Griffini, Andrea"]
[Black "Pizzolato, Roberto"]
[WhiteElo "1797"]
[BlackElo "1745"]
[Result "1-0"]
[PlyCount "85"]
[EventDate "2014.04.10"]

1. e4 e5 2. Nf3 Nc6 3. d4 exd4 4. Bc4 Bb4+ 5. c3 dxc3 6. O-O Nge7 7. bxc3 Ba5
8. Ng5 Ne5 9. Qh5 N7g6 10. Bb3 d6 11. h3 Qf6 12. Nxf7 Nxf7 13. Qxa5 O-O 14.
Qxc7 Nf4 15. Bxf4 Qxf4 16. Bd5 Kh8 17. h4 Ne5 18. Qe7 Ng4 19. g3 Qf6 20. Qxf6
Rxf6 21. Nd2 Ne5 22. Kg2 Ng4 23. Nc4 Bd7 24. f3 Nh6 25. g4 Rf4 26. Nxd6 Raf8
27. Bxb7 R8f6 28. e5 Re6 29. Rae1 Ra4 30. Rf2 g6 31. Bd5 Re7 32. Rb2 Ra5 33. c4
Be6 34. Bxe6 Rxe6 35. g5 Ng8 36. f4 Ne7 37. Ree2 Nc6 38. Rb5 Ra3 39. Nf7+ Kg7
40. Rb7 Ne7 41. Nh6 Kf8 42. Rd2 Ke8 43. Rb8+ 1-0

[Event "XI Open A Primavera"]
[Site "Robecchetto con Induno ITA"]
[Date "2014.05.15"]
[Round "5"]
[White "Macchiettini, Pierangelo"]
[Black "Giusti, Francesco"]
[WhiteElo "1685"]
[BlackElo "1592"]
[Result "1-0"]
[PlyCount "73"]
[EventDate "2014.04.10"]

1. d4 d5 2. Nf3 g6 3. c4 dxc4 4. Qa4+ Bd7 5. Qxc4 e6 6. e3 Nf6 7. Nc3 a6 8. a3
b5 9. Qd3 b4 10. axb4 Bxb4 11. Qc2 Bxc3+ 12. bxc3 Bc6 13. Be2 O-O 14. Bd2 Ne4
15. O-O Nxd2 16. Qxd2 a5 17. Ne5 Bb7 18. Rfb1 Be4 19. Rb2 f6 20. Nd3 Bxd3 21.
Qxd3 c6 22. Qc4 Qd5 23. Qa4 Re8 24. Bf3 Qd6 25. Rb6 Rc8 26. Rab1 f5 27. c4 g5
28. g3 g4 29. Bg2 Qd7 30. d5 exd5 31. cxd5 cxd5 32. Qd4 Nc6 33. Bxd5+ Kf8 34.
Qf6+ Ke8 35. Rb7 Rc7 36. Rxc7 Qxc7 37. Bxc6+ 1-0

[Event "XI Open A Primavera"]
[Site "Robecchetto con Induno ITA"]
[Date "2014.05.15"]
[Round "5"]
[White "Melino, Gianluca"]
[Black "Testa, Loris"]
[WhiteElo "1767"]
[BlackElo "1930"]
[Result "1-0"]
[PlyCount "35"]
[EventDate "2014.04.10"]

1. d4 Nf6 2. Bg5 e6 3. Nd2 d5 4. e4 dxe4 5. Nxe4 Be7 6. Nxf6+ Bxf6 7. Bxf6 Qxf6
8. Nf3 O-O 9. Bd3 c5 10. O-O Nc6 11. dxc5 Qxb2 12. Rb1 Qf6 13. Re1 Rd8 14. Qe2
Nd4 15. Nxd4 Rxd4 16. Be4 Qg5 17. c6 b6 18. c7 1-0

[Event "XI Open A Primavera"]
[Site "Robecchetto con Induno ITA"]
[Date "2014.05.15"]
[Round "5"]
[White "Moroni, Luca"]
[Black "Novi', Giuseppe"]
[WhiteElo "1862"]
[BlackElo "1802"]
[Result "1-0"]
[PlyCount "85"]
[EventDate "2014.04.10"]

1. d4 Nf6 2. Nf3 g6 3. Bf4 d6 4. h3 Bg7 5. e3 O-O 6. Bc4 Nbd7 7. O-O c5 8. c3
cxd4 9. exd4 Nb6 10. Bb3 Bf5 11. Nbd2 Rc8 12. Re1 Qc7 13. Rc1 h6 14. Qe2 Rfe8
15. Nh4 Qd7 16. Nxf5 Qxf5 17. Bh2 Nfd7 18. Nf3 e5 19. dxe5 dxe5 20. Nd2 Nc5 21.
Bc2 Qe6 22. b4 Ncd7 23. Bb3 Qc6 24. Ne4 Nf6 25. Qf3 Rc7 26. Nxf6+ Bxf6 27. Qg4
Kg7 28. c4 Rce7 29. c5 Na8 30. Rcd1 Nc7 31. Rd6 Qb5 32. a3 e4 33. Bf4 Be5 34.
Bxf7 Rxf7 35. Qxg6+ Kf8 36. Bxe5 Rxe5 37. Rd8+ Re8 38. Qxh6+ Kg8 39. Qg6+ Rg7
40. Qd6 Qc6 41. Qxc6 bxc6 42. Rxe8+ Nxe8 43. Rxe4 1-0

[Event "XI Open A Primavera"]
[Site "Robecchetto con Induno ITA"]
[Date "2014.05.15"]
[Round "5"]
[White "Pappalardo, Antonio"]
[Black "Madaschi, Sergio"]
[WhiteElo "1783"]
[BlackElo "1528"]
[Result "1-0"]
[PlyCount "55"]
[EventDate "2014.04.10"]

1. d4 g6 2. c4 Nf6 3. Nc3 Bg7 4. e4 d6 5. Bd3 O-O 6. Nge2 e5 7. d5 c6 8. O-O
Nbd7 9. Ng3 Qc7 10. a3 Nc5 11. Bc2 a5 12. Rb1 Nh5 13. Nxh5 gxh5 14. Qxh5 Nd7
15. Bh6 Bxh6 16. Qxh6 Qd8 17. f4 Kh8 18. Qxd6 Rg8 19. fxe5 Qg5 20. Rf2 Rg6 21.
e6 Ne5 22. exf7 Nf3+ 23. Kh1 Bg4 24. f8=Q+ Rxf8 25. Qxf8+ Rg8 26. Qd6 Ne5 27.
Qf6+ Qxf6 28. Rxf6 1-0

[Event "XI Open A Primavera"]
[Site "Robecchetto con Induno ITA"]
[Date "2014.05.15"]
[Round "5"]
[White "Rossi, Emanuele"]
[Black "Santarelli, Sabatino"]
[WhiteElo "1630"]
[BlackElo "1652"]
[Result "0-1"]
[PlyCount "114"]
[EventDate "2014.04.10"]

1. e4 c5 2. d4 cxd4 3. c3 dxc3 4. Nxc3 Nc6 5. Nf3 e6 6. Bc4 a6 7. O-O Be7 8. b3
b5 9. Bd3 Bb7 10. Bb2 Nf6 11. Ne2 Nb4 12. Ng3 Nxd3 13. Qxd3 d6 14. Rad1 e5 15.
Rfe1 O-O 16. Qb1 Qb6 17. Nf5 Rfe8 18. Bc1 a5 19. Be3 Qa6 20. Bg5 Bf8 21. Bxf6
gxf6 22. Re3 Bc8 23. N3h4 Be6 24. Rg3+ Kh8 25. Qc1 Rac8 26. Qe3 b4 27. Qf3 Rc3
28. Qg4 Rxg3 29. Qxg3 Qe2 30. Qf3 Qxf3 31. gxf3 Rd8 32. Ne3 Be7 33. Kf1 Rc8 34.
Nhf5 Bxf5 35. Nxf5 Bf8 36. Nxd6 Bxd6 37. Rxd6 Rc1+ 38. Kg2 Rc2 39. Rb6 Rxa2 40.
h4 Kg7 41. Rb5 h6 42. h5 Ra3 43. Kg3 Rxb3 44. Rxa5 Rb1 45. Kg2 b3 46. Rb5 b2
47. Rb6 Kf8 48. Rb7 Ke8 49. f4 exf4 50. Kf3 Kd8 51. Ke2 Kc8 52. Rb5 Kc7 53. Kd2
Kc6 54. Rb3 Rf1 55. Rxb2 Rxf2+ 56. Kc3 Rxb2 57. Kxb2 f3 0-1

[Event "XI Open A Primavera"]
[Site "Robecchetto con Induno ITA"]
[Date "2014.05.15"]
[Round "5"]
[White "Torretta, Gilberto"]
[Black "Serrao, Piergiorgio"]
[WhiteElo "1651"]
[BlackElo "1605"]
[Result "1/2-1/2"]
[PlyCount "34"]
[EventDate "2014.04.10"]

1. e4 e6 2. d4 d5 3. Nd2 Nf6 4. Bd3 c5 5. e5 Nfd7 6. c3 Nc6 7. Ngf3 Qb6 8. Qb3
Qxb3 9. axb3 cxd4 10. cxd4 Nb4 11. Bb1 b6 12. O-O Ba6 13. Re1 Bd3 14. Re3 Bxb1
15. Rxb1 Be7 16. Rc3 Bd8 17. Nf1 Na2 1/2-1/2

[Event "XI Open A Primavera"]
[Site "Robecchetto con Induno ITA"]
[Date "2014.05.15"]
[Round "5"]
[White "Vada, Riccardo"]
[Black "Rutigliano, Cesare"]
[WhiteElo "1653"]
[BlackElo "1657"]
[Result "0-1"]
[PlyCount "58"]
[EventDate "2014.04.10"]

1. e4 e6 2. d4 d5 3. e5 c5 4. c3 Nc6 5. Bb5 Bd7 6. Nf3 Nxe5 7. Nxe5 Bxb5 8. Na3
Bc6 9. O-O cxd4 10. cxd4 Nf6 11. Bd2 Bd6 12. Nxc6 bxc6 13. Qa4 Qd7 14. Rac1 Rc8
15. Rc2 O-O 16. Rfc1 Rb8 17. b3 Ne4 18. Be3 Qe7 19. Nb1 f5 20. f4 Qh4 21. Rf1
g5 22. g3 Nxg3 23. Bf2 gxf4 24. hxg3 fxg3 25. Bxg3 Bxg3 26. Rg2 Kh8 27. Nd2 Rg8
28. Nf3 Qg4 29. Qxc6 Bh2+ 0-1

[Event "XI Open A Primavera"]
[Site "Robecchetto con Induno ITA"]
[Date "2014.05.22"]
[Round "6"]
[White "Bianchi, Alberto"]
[Black "Moroni, Luca"]
[WhiteElo "1935"]
[BlackElo "1862"]
[Result "0-1"]
[PlyCount "114"]
[EventDate "2014.04.10"]

1. e4 c5 2. Nf3 d6 3. d4 cxd4 4. Nxd4 Nc6 5. Nc3 Nf6 6. f3 g6 7. Be3 Bg7 8. Qd2
O-O 9. O-O-O Nxd4 10. Bxd4 Be6 11. Kb1 Qc7 12. Nd5 Bxd5 13. exd5 Rfc8 14. c3
Qa5 15. c4 Qxd2 16. Rxd2 Rc7 17. a4 b6 18. g4 Rac8 19. b3 Nd7 20. Bxg7 Kxg7 21.
Be2 Nc5 22. Kb2 a5 23. Bd1 Na6 24. Bc2 Nb4 25. Bb1 Na6 26. h4 Nc5 27. f4 Nxa4+
28. Ka3 Nc5 29. g5 b5 30. h5 bxc4 31. bxc4 Rb8 32. Bc2 Rcb7 33. hxg6 fxg6 34.
Rdh2 Rh8 35. f5 gxf5 36. Bxf5 Rb3+ 37. Ka2 Rf3 38. Rxh7+ Rxh7 39. Rxh7+ Kg8 40.
Bg6 Rg3 41. Rxe7 Rxg5 42. Be8 Kf8 43. Re2 Rg4 44. Bb5 Kf7 45. Rf2+ Ke7 46. Re2+
Kf6 47. Re3 Rh4 48. Ka3 a4 49. Rc3 Ke5 50. Bxa4 Kd4 51. Rc1 Rh3+ 52. Ka2 Nxa4
53. Rc2 Rc3 54. Rh2 Rxc4 55. Rh4+ Kc5 56. Rh5 Nc3+ 57. Kb2 Nxd5 0-1

[Event "XI Open A Primavera"]
[Site "Robecchetto con Induno ITA"]
[Date "2014.05.17"]
[Round "6"]
[White "Cecchini, Massimo S."]
[Black "Melino, Gianluca"]
[WhiteElo "1749"]
[BlackElo "1767"]
[Result "1/2-1/2"]
[PlyCount "39"]
[EventDate "2014.04.10"]

1. e4 g6 2. d4 Bg7 3. Nc3 d6 4. Nf3 Bg4 5. Be2 Nd7 6. O-O Ngf6 7. h3 Bxf3 8.
Bxf3 c6 9. Re1 O-O 10. e5 Ne8 11. exd6 Nxd6 12. Bg5 Re8 13. Rb1 h6 14. Bd2 Kh7
15. d5 c5 16. Bf4 a6 17. Ne4 Nxe4 18. Bxe4 Nf6 19. Bf3 Qd7 20. Qc1 1/2-1/2

[Event "XI Open A Primavera"]
[Site "Robecchetto con Induno ITA"]
[Date "2014.05.22"]
[Round "6"]
[White "Giusti, Francesco"]
[Black "De Regibus, Giuseppe"]
[WhiteElo "1592"]
[BlackElo "1620"]
[Result "1-0"]
[PlyCount "57"]
[EventDate "2014.04.10"]

1. d4 d5 2. Nc3 c6 3. b3 e6 4. e4 Bb4 5. Bd2 Bxc3 6. Bxc3 dxe4 7. Qg4 Nf6 8.
Qxg7 Rg8 9. Qh6 Rg6 10. Qd2 Nd5 11. Bb2 Qe7 12. a3 Nd7 13. Nh3 e5 14. c4 Nc7
15. O-O-O exd4 16. Qxd4 Ne6 17. Qxe4 Ndc5 18. Qe3 Qc7 19. b4 Nd7 20. f4 f5 21.
Bd3 Rxg2 22. Qxe6+ Kf8 23. Qxf5+ Kg8 24. Rhg1 Nf8 25. Rxg2+ Ng6 26. Rxg6+ hxg6
27. Qxg6+ Kf8 28. Rg1 Be6 29. Qxe6 1-0

[Event "XI Open A Primavera"]
[Site "Robecchetto con Induno ITA"]
[Date "2014.05.22"]
[Round "6"]
[White "Libutti, Michele"]
[Black "Griffini, Andrea"]
[WhiteElo "1745"]
[BlackElo "1797"]
[Result "1-0"]
[PlyCount "99"]
[EventDate "2014.04.10"]

1. d4 Nf6 2. c4 e5 3. dxe5 Ne4 4. Nf3 Nc6 5. Nbd2 Bb4 6. a3 Bxd2+ 7. Bxd2 Qe7
8. Bf4 O-O 9. e3 g5 10. Bg3 Nxg3 11. hxg3 Nxe5 12. Bd3 Ng6 13. Nd4 d6 14. Qh5
f5 15. O-O-O Ne5 16. Bc2 Qg7 17. Nf3 Nxf3 18. gxf3 Be6 19. f4 g4 20. Rh2 Qg6
21. Rdh1 Qxh5 22. Rxh5 Rf7 23. Rg5+ Kh8 24. Rhh5 Rg8 25. b3 Rxg5 26. Rxg5 Rf6
27. Rh5 Kg7 28. e4 fxe4 29. Bxe4 Rh6 30. Rxh6 Kxh6 31. Bxb7 Kg6 32. Kd2 Kf5 33.
Ke3 h5 34. Be4+ Kf6 35. f3 Bd7 36. fxg4 hxg4 37. Kd4 c6 38. b4 Ke7 39. Bd3 Kf6
40. b5 Ke7 41. Ke4 Kf6 42. Kd4 Ke7 43. a4 Kf6 44. Be4 c5+ 45. Ke3 Ke6 46. Bd5+
Ke7 47. a5 Kd8 48. b6 a6 49. Ke4 Kc8 50. f5 1-0

[Event "XI Open A Primavera"]
[Site "Robecchetto con Induno ITA"]
[Date "2014.05.22"]
[Round "6"]
[White "Macchiettini, Pierangelo"]
[Black "Vada, Riccardo"]
[WhiteElo "1685"]
[BlackElo "1653"]
[Result "0-1"]
[PlyCount "112"]
[EventDate "2014.04.10"]

1. d4 d6 2. c4 g6 3. e4 Bg7 4. Nc3 Nc6 5. Be3 e5 6. dxe5 Nxe5 7. Be2 Ne7 8. f4
N5c6 9. Nf3 O-O 10. O-O f5 11. Bd3 b6 12. Qd2 Bb7 13. Nd5 fxe4 14. Bxe4 Nf5 15.
Bxf5 gxf5 16. Rae1 Re8 17. b3 Ne7 18. Bd4 Nxd5 19. Bxg7 Kxg7 20. cxd5 Qf6 21.
Ng5 Kh8 22. Rxe8+ Rxe8 23. Ne6 c6 24. dxc6 Bxc6 25. Nd4 Be4 26. Rc1 Rg8 27. g3
h5 28. Ne2 h4 29. Kf2 Rg7 30. Qd4 Qh6 31. g4 Kh7 32. h3 d5 33. Qe5 b5 34. b4
Qb6+ 35. Nd4 fxg4 36. Rc6 g3+ 37. Kg1 Qb7 38. Qh5+ Kg8 39. Qe8+ Kh7 40. Ne6 Bg6
41. Ng5+ Kh6 42. Qh8+ Rh7 43. Qf8+ Qg7 44. Qxg7+ Rxg7 45. Nf3 Kh5 46. Ne5 Bh7
47. Rc8 Kh6 48. Rh8 Rg8 49. Ng4+ Kg7 50. Rxg8+ Bxg8 51. Ne5 Kf6 52. Nf3 Kf5 53.
Nxh4+ Kxf4 54. Ng2+ Kf3 55. Ne1+ Ke2 56. Ng2 d4 0-1

[Event "XI Open A Primavera"]
[Site "Robecchetto con Induno ITA"]
[Date "2014.05.22"]
[Round "6"]
[White "Madaschi, Sergio"]
[Black "Buonasorte, Roberto"]
[WhiteElo "1528"]
[BlackElo "1609"]
[Result "0-1"]
[PlyCount "84"]
[EventDate "2014.04.10"]

1. e4 e6 2. d4 d5 3. Nd2 c5 4. Ngf3 cxd4 5. Nxd4 Nc6 6. Bb5 Bd7 7. Nxc6 Bxc6 8.
Qe2 Nf6 9. e5 Nd7 10. Nf3 Qa5+ 11. Bd2 Qxb5 12. Qxb5 Bxb5 13. a4 Ba6 14. b4 Bc4
15. c3 a6 16. Bf4 Be7 17. Nd2 Bd3 18. Nb3 f6 19. exf6 Bxf6 20. Kd2 Bf5 21. Na5
Rc8 22. Rac1 e5 23. Rhe1 Rc7 24. Nb3 O-O 25. Bg3 Bg5+ 26. f4 exf4 27. Bf2 Nf6
28. Nc5 Ne4+ 29. Nxe4 dxe4 30. Bd4 f3+ 31. Be3 Rd7+ 32. Kc2 Bxe3 33. Rxe3 fxg2
34. Rg1 Rd3 35. Re2 Rc8 36. Rexg2 Rcxc3+ 37. Kb2 g6 38. b5 axb5 39. axb5 Rb3+
40. Ka2 Rxb5 41. h4 Be6+ 42. Ka1 Ra3+ 0-1

[Event "XI Open A Primavera"]
[Site "Robecchetto con Induno ITA"]
[Date "2014.05.22"]
[Round "6"]
[White "Novi', Giuseppe"]
[Black "Trenti, Alessandro"]
[WhiteElo "1802"]
[BlackElo "1780"]
[Result "1-0"]
[PlyCount "73"]
[EventDate "2014.04.10"]

1. e4 c5 2. Nf3 Nc6 3. d4 cxd4 4. Nxd4 d6 5. Nc3 Nf6 6. Be3 g6 7. Bc4 Bg7 8. f3
O-O 9. O-O Bd7 10. Nxc6 Bxc6 11. Qd2 a6 12. Rad1 Qc7 13. Bb3 Rac8 14. Ne2 Rfd8
15. Bh6 d5 16. e5 Bxh6 17. Qxh6 Qxe5 18. Nd4 e6 19. Rfe1 Qd6 20. Qg5 Nd7 21. h4
Re8 22. h5 Qe7 23. Qg3 Nc5 24. hxg6 hxg6 25. Nf5 Qf8 26. Nd6 Nxb3 27. axb3 Red8
28. Nxc8 Rxc8 29. Rd4 Qc5 30. c3 b5 31. b4 Qb6 32. Qe5 Qc7 33. Qf6 Qg3 34. Re2
g5 35. Rg4 Qc7 36. Rxg5+ Kf8 37. Rh5 1-0

[Event "XI Open A Primavera"]
[Site "Robecchetto con Induno ITA"]
[Date "2014.05.22"]
[Round "6"]
[White "Pizzolato, Roberto"]
[Black "Rutigliano, Cesare"]
[WhiteElo "1745"]
[BlackElo "1657"]
[Result "1-0"]
[PlyCount "115"]
[EventDate "2014.04.10"]

1. e4 e6 2. d4 d5 3. e5 c5 4. c3 Nc6 5. Nf3 Bd7 6. a3 cxd4 7. cxd4 Nge7 8. b4
Nf5 9. Nc3 Qb6 10. Na4 Qc7 11. Bb2 Nxb4 12. axb4 Bxb4+ 13. Nd2 b5 14. Rc1 Qa5
15. Nc5 Rc8 16. Ncb3 Rxc1 17. Qxc1 Qb6 18. Bd3 O-O 19. O-O Rc8 20. Qa1 a5 21.
Nf3 a4 22. Nc5 Bxc5 23. dxc5 Qxc5 24. Rc1 Qf8 25. Qb1 Rxc1+ 26. Qxc1 b4 27. Qc7
Qe8 28. Qb7 Qe7 29. Bb5 Bxb5 30. Qxb5 a3 31. Ba1 h6 32. g4 Qc7 33. gxf5 Qc1+
34. Qf1 Qf4 35. Qd3 Qc1+ 36. Qf1 Qf4 37. Qd1 Qxf5 38. Bd4 Qg4+ 39. Kf1 a2 40.
Qb3 Qe4 41. Kg2 Qb1 42. Qb2 b3 43. Nd2 Qc2 44. Qxc2 bxc2 45. Nb3 g5 46. Nc1 Kg7
47. Nxa2 Kg6 48. Bb2 Kf5 49. Kf3 g4+ 50. Ke3 Kg5 51. Nb4 Kh4 52. Kf4 Kh3 53.
Nxc2 h5 54. Kg5 h4 55. Ne3 Kxh2 56. Kxg4 h3 57. Kh4 d4 58. Bxd4 1-0